000 01031nam a22002417a 4500
005 20120606105930.0
008 120606t xxu||||| |||| 00| 0 eng d
010 _aENG-105438
020 _a9788120345294
_c275.00
035 _aEN-88971
037 _bDBAD/PUB
040 _aDPL
_bEng
082 _a658.300285
100 _aBadgi, Satish M.
_917485
245 _aPractical guide to human resource informations systems/
_cby Satish M. Badgi
260 _aNew Delhi
_bPHI Learning
_c2012
270 _aM-97, Connaught Circus
_bNew Delhi
_e110001
300 _ax,249p.
_c24cm (pbk)
500 _aIncludes bibliographical references and index
942 _2ddc
_cEN
_h658.300285
_mBAD
999 _c67536
_d67536